banner-ar

AMERICAN ART THEORY 1945-1970 / (Record no. 17350)

MARC details
000 -الفاتح
حقل البيانات ثابتة الطول 00533nam a2200193Ia 4500
008 - عناصر البيانات ثابتة الطول - معلومات عامة
حقل البيانات ثابتة الطول 140319s9999 xx 000 0 eng d
040 ## - مصدر الفهرسة
وكالة الفهرسة الأصلية GCL /
وكالة النسخ GCL
082 04 - رقم تصنيف ديوى العشرى
رقم التصنيف 709.73
رقم المادة S A
100 1# - المدخل الرئيسى - إسم شخصى
الإسم الشخصى BUETTNER, STEWART
245 10 - بيان العنوان
العنوان AMERICAN ART THEORY 1945-1970 /
بيان المسئوليه,etc BUETTNER, STEWART
260 ## - PUBLICATION, DISTRIBUTION, ETC. (IMPRINT)
تاريخ النشر أو التوزيع 1981
300 ## - الوصف المادى
التعداد 813
650 04 - المدخل الاضافى بالموضوع-مصطلح موضوعى
مصطلح موضوعي ABSTRACT EXPRESSIONISM UNITED
650 04 - المدخل الاضافى بالموضوع-مصطلح موضوعى
مصطلح موضوعي ART, PHILOSOPHY
650 04 - المدخل الاضافى بالموضوع-مصطلح موضوعى
مصطلح موضوعي ART, AFRICA
650 04 - المدخل الاضافى بالموضوع-مصطلح موضوعى
مصطلح موضوعي ART, MODERN - 20 TH CENTURY
942 ## - عناصر المدخل الإضافي( كوها)
مصدر التصنيف او مخطط الترفيف Dewey Decimal Classification
Koha [default] item type كتاب
260 ## - PUBLICATION, DISTRIBUTION, ETC. (IMPRINT)
-- [S.N] :
-- U M I RESEARCH PRESS ،
Holdings
حالة التراجع حالة الفقد حالة تلف ليس للاعارة المكان المؤقت الموقع الحالى تاريخ الاكتساب اجمالي اﻻعارات رقم الطلب الباركود تاريخ اخر مشاهدة تاريخ تفعيل السعر نوع وعاء كوها
        مكتبة القاهرة الكبرى مكتبة القاهرة الكبرى 03/26/2014   709.73\S A 31402 03/26/2014 03/26/2014 كتاب

Powered By

EGPV